Comparison of Different Production Processes for Bioethanol
En este studio, se produjo etanol con el microorganismo Saccharomyces cerevisiae usando sacarosa como sustrato. Se probaron procesos discontinuos (batch) usando el mismo sustrato, microorganismo y composicin̤ del medio. Saccharomyces cerevisiae, usada en forma libre en el primer grupo de experimento...
Збережено в:
| Інші автори: | , |
|---|---|
| Формат: | Книга |
| Мова: | Англійська |
| Предмети: | |
| Онлайн доступ: | Comparison of Different Production Processes for Bioethanol |
| Теги: |
Додати тег
Немає тегів, Будьте першим, хто поставить тег для цього запису!
|
MARC
| LEADER | 00000nam a22000004a 4500 | ||
|---|---|---|---|
| 001 | vpro1437 | ||
| 005 | 20201223000000.0 | ||
| 008 | 120813s2006 ck # g## #001 0#eng#d | ||
| 020 | |||
| 022 | |||
| 040 | |a CO-BoINGC | ||
| 041 | 0 | |a eng | |
| 245 | 1 | 0 | |a Comparison of Different Production Processes for Bioethanol |
| 246 | |a Comparacin̤ de distintos procesos de produccin̤ para bioetanol | ||
| 264 | |a Bogot ̀(Colombia) : |b Revista VirtualPRO, |c 2006 | ||
| 520 | 3 | |a En este studio, se produjo etanol con el microorganismo Saccharomyces cerevisiae usando sacarosa como sustrato. Se probaron procesos discontinuos (batch) usando el mismo sustrato, microorganismo y composicin̤ del medio. Saccharomyces cerevisiae, usada en forma libre en el primer grupo de experimentos, fue inmovilizada por distintos mťodos. En el segundo grupo de experimentos, se usaron agar, esponja y un material natural llamado fibra luffa ciln̕drica, como materiales de soporte. Se compararon los procesos discontinuos con los microorganismos libres e inmovilizados, con respecto a la eficiencia y el rendimiento. | |
| 650 | \ | \ | |a Bioetanol |
| 650 | \ | \ | |a Biocombustibles |
| 650 | \ | \ | |a Combustibles vegetales |
| 650 | \ | \ | |a Bioethanol |
| 650 | \ | \ | |a biofuels |
| 650 | \ | \ | |a Vegetal fuel |
| 650 | \ | \ | |a biocombustible |
| 650 | \ | \ | |a biofuel |
| 700 | \ | \ | |a ßaylak Belkis |
| 700 | \ | \ | |a Vardar Sukan Fazilet |
| 856 | |z Comparison of Different Production Processes for Bioethanol |u https://virtualpro.unach.elogim.com/biblioteca/comparacion-de-distintos-procesos-de-produccion-para-bioetanol | ||